000 00300nam a2200145Ia 4500
100 _aPujari/Arun K
942 _cBK
654 _adata mining
245 _aData mining techniques
260 _bUniversities Press
_c2001
082 _a4.6
_bPUJ
300 _a288
546 _aENGLISH
999 _c29064
_d29064